| 000 | 005450000a22001690004500 | ||
|---|---|---|---|
| 090 |
_aAR _b03872 |
||
| 245 | 1 | 0 |
_aFronteras vivientes para Tambopata _suniendo los intereses de la conservación al desarrollo sostenible |
| 500 | _a<Colección Biocomercio> | ||
| 650 | 1 | 4 |
_aAreas protegidas _978 |
| 650 | 1 | 4 |
_aConservación _992401 |
| 650 | 1 | 4 |
_aEcoturismo _992485 |
| 651 | 4 |
_lZona reservada Tambopata _dMadre de Dios _pPerú _992749 |
|
| 041 | 0 | _aEspañol | |
| 100 | 1 |
_aSalas, Antonio W. _997695 |
|
| 942 | _cARTICULO | ||
| 773 | 1 |
_tEcotono _q7-9 _d1998 |
|
| 999 |
_c12907 _d12907 |
||